Partidos politicos de Chile - Muerte subita! - Estadísticas

Estadísticas generales
  • Esta prueba ha sido intentada 7 veces
  • La puntuación promedio es 18 de 29
Answers on the Grid
Answers color-coded by a green-red scale on the quiz's grid according to % correct below.
Union democrata independiente
Renovacion Nacional
Evolucion politica
Partido Republicano
Partido Nacional Libertario
Partido Social Cristiano
Partido Demócrata Cristiano
Democratas
Amarillos Por Chile
Partido Socialista
Partido Por La Democracia
Partido Radical
Partido Liberal
Partido Comunsta
Frente Amplio
Partido De La Gente
Federacion Regionalista Verde Social
Partido Ecologista Verde
Partido Humanista
Partido Igualdad
Partido Popular
Alianza Verde Popular
Partido Progesista
Ciudadanos
Fuerza Regional Norte Verde
Nuevo Tiempo
Partido Conservador Cristiano
Partido Tabajadores Revolucionarios
Igualdad
Alianza Pais
Partido Nacional
Partido Liberal Colombiano
Centro Democrático
Primero Justicia
Partido Social Unido
Partido Comunista De Cuba
Partido Revolucionario Institucional
Partido Accion Nacional
Morena
Partido De La Social Democracia
Partido De Los Trabajadores
Union Civica Radical
Partido Justicilista
Comunidad Ciudadana
Movimiento Al Socialismo
 
Estadísticas de respuestas
Respuesta % Correcto
Frente Amplio
86%
Partido De La Gente
86%
Partido Nacional Libertario
86%
Partido Republicano
86%
Partido Social Cristiano
86%
Partido Socialista
86%
Renovacion Nacional
86%
Union democrata independiente
86%
Partido Comunsta
71%
Partido Demócrata Cristiano
71%
Partido Ecologista Verde
71%
Partido Por La Democracia
71%
Alianza Verde Popular
57%
Amarillos Por Chile
57%
Democratas
57%
Evolucion politica
57%
Partido Conservador Cristiano
57%
Partido Humanista
57%
Partido Liberal
57%
Partido Progesista
57%
Partido Radical
57%
Ciudadanos
43%
Federacion Regionalista Verde Social
43%
Nuevo Tiempo
43%
Partido Igualdad
43%
Partido Popular
43%
Partido Tabajadores Revolucionarios
43%
Fuerza Regional Norte Verde
29%
Igualdad
29%
No se encontraron pruebas coincidentes
Distribución de puntuación
Porcentaje de gente con cada puntuación
Porcentaje por número respondido
Historial de tus puntuaciones
No has intentado esta prueba.